[Event "POHÁR města Říčany 2023"]
[Site "Městské kulturní středisko U labutě"]
[Date "2023.08.29"]
[Round "5.7"]
[White "Popov, Roman"]
[Black "Taborsky, Rostislav"]
[Result "1-0"]
[WhiteFideId "23732580"]
[BlackFideId "307491"]
[WhiteElo "1925"]
[BlackElo "2153"]
[PlyCount "0"]
[EventDate "2023.08.26"]

1. d4 {[%clk 01:30:54]} {[%emt 00:00:05]} e6 {[%clk 01:27:29]} {[%emt
00:03:31]} 2. c4 {[%clk 01:30:48]} {[%emt 00:00:35]} f5 {[%clk 01:27:52]}
{[%emt 00:00:08]} 3. Nf3 {[%clk 01:30:33]} {[%emt 00:00:45]} Nf6 {[%clk
01:28:16]} {[%emt 00:00:06]} 4. g3 {[%clk 01:29:58]} {[%emt 00:01:05]} d5
{[%clk 01:28:34]} {[%emt 00:00:12]} 5. Bg2 {[%clk 01:30:13]} {[%emt 00:00:16]}
Be7 {[%clk 01:28:55]} {[%emt 00:00:08]} 6. O-O {[%clk 01:30:03]} {[%emt
00:00:39]} Ne4 {[%clk 01:29:12]} {[%emt 00:00:13]} 7. b3 {[%clk 01:26:53]}
{[%emt 00:03:40]} Nc6 {[%clk 01:28:50]} {[%emt 00:00:52]} 8. Bf4 {[%clk
01:17:54]} {[%emt 00:09:30]} g5 {[%clk 01:23:08]} {[%emt 00:06:12]} 9. Be5
{[%clk 01:15:59]} {[%emt 00:02:26]} Rg8 {[%clk 01:23:09]} {[%emt 00:00:29]} 10.
Ne1 {[%clk 01:09:58]} {[%emt 00:06:31]} Nxe5 {[%clk 00:55:28]} {[%emt
00:28:12]} 11. dxe5 {[%clk 01:09:59]} {[%emt 00:00:28]} c6 {[%clk 00:41:30]}
{[%emt 00:14:29]} 12. e3 {[%clk 01:06:12]} {[%emt 00:04:16]} g4 {[%clk
00:39:14]} {[%emt 00:02:46]} 13. Nd3 {[%clk 01:02:37]} {[%emt 00:04:05]} Qa5
{[%clk 00:30:29]} {[%emt 00:09:15]} 14. a3 {[%clk 00:50:27]} {[%emt 00:12:40]}
dxc4 {[%clk 00:27:35]} {[%emt 00:03:24]} 15. bxc4 {[%clk 00:47:40]} {[%emt
00:03:16]} Bd7 {[%clk 00:27:53]} {[%emt 00:00:13]} 16. Qe2 {[%clk 00:37:13]}
{[%emt 00:10:57]} O-O-O {[%clk 00:27:33]} {[%emt 00:00:50]} 17. Rd1 {[%clk
00:31:08]} {[%emt 00:06:35]} Bf8 {[%clk 00:21:28]} {[%emt 00:06:36]} 18. Qb2
{[%clk 00:25:42]} {[%emt 00:05:56]} Nc5 {[%clk 00:16:25]} {[%emt 00:05:33]} 19.
Nxc5 {[%clk 00:18:11]} {[%emt 00:08:00]} Qxc5 {[%clk 00:16:53]} {[%emt
00:00:02]} 20. Nd2 {[%clk 00:18:01]} {[%emt 00:00:40]} Bg7 {[%clk 00:17:00]}
{[%emt 00:00:24]} 21. Qd4 {[%clk 00:17:39]} {[%emt 00:00:52]} Qxe5 {[%clk
00:05:59]} {[%emt 00:11:32]} 22. Qxa7 {[%clk 00:16:45]} {[%emt 00:01:24]} Qb8
{[%clk 00:06:24]} {[%emt 00:00:05]} 23. Qxb8+ Kxb8 {[%clk 00:06:54]} 24. Rab1
{[%clk 00:16:18]} {[%emt 00:00:27]} Kc7 {[%clk 00:06:17]} {[%emt 00:01:07]} 25.
Nb3 {[%clk 00:14:06]} {[%emt 00:02:41]} Bc8 {[%clk 00:05:49]} {[%emt 00:00:59]}
26. Kf1 {[%clk 00:11:48]} {[%emt 00:02:47]} Rxd1+ {[%clk 00:05:52]} {[%emt
00:00:27]} 27. Rxd1 {[%clk 00:12:05]} {[%emt 00:00:13]} Rd8 {[%clk 00:05:57]}
{[%emt 00:00:24]} 28. Rxd8 {[%clk 00:09:10]} {[%emt 00:03:26]} Kxd8 {[%clk
00:06:26]} {[%emt 00:00:01]} 29. Ke2 {[%clk 00:09:22]} {[%emt 00:00:16]} e5
{[%clk 00:04:12]} {[%emt 00:02:45]} 30. Kd2 {[%clk 00:05:26]} {[%emt 00:04:26]}
Kc7 {[%clk 00:04:07]} {[%emt 00:00:35]} 31. Bf1 {[%clk 00:04:32]} {[%emt
00:01:23]} b6 {[%clk 00:03:02]} {[%emt 00:01:36]} 32. a4 {[%clk 00:02:06]}
{[%emt 00:02:55]} h5 {[%clk 00:02:25]} {[%emt 00:01:07]} 33. c5 {[%clk
00:00:39]} {[%emt 00:01:57]} bxc5 {[%clk 00:01:38]} {[%emt 00:01:18]} 34. Nxc5
{[%clk 00:01:01]} {[%emt 00:00:09]} Bf8 {[%clk 00:01:30]} {[%emt 00:00:38]} 35.
Nd3 {[%clk 00:00:35]} {[%emt 00:00:55]} Bd6 {[%clk 00:01:29]} {[%emt 00:00:31]}
36. Nb2 {[%clk 00:00:40]} {[%emt 00:00:25]} Bb4+ {[%clk 00:00:35]} {[%emt
00:01:24]} 37. Kc2 {[%clk 00:00:35]} {[%emt 00:00:34]} Kd6 {[%clk 00:00:38]}
{[%emt 00:00:27]} 38. Bc4 {[%clk 00:00:35]} {[%emt 00:00:30]} e4 {[%clk
00:00:31]} {[%emt 00:00:36]} 39. Kd1 {[%clk 00:00:32]} {[%emt 00:00:34]} Kc5
{[%clk 00:00:39]} {[%emt 00:00:22]} 40. Bf7 {[%clk 00:00:33]} {[%emt 00:00:29]}
Bc3 {[%clk 00:00:44]} {[%emt 00:00:25]} 41. Nc4 {[%clk 00:00:32]} {[%emt
00:00:31]} Bf6 {[%clk 00:01:03]} {[%emt 00:00:11]} 42. Kc2 {[%clk 00:00:33]}
{[%emt 00:00:29]} h4 {[%clk 00:00:57]} {[%emt 00:00:36]} 43. Nb2 {[%clk
00:00:33]} {[%emt 00:00:30]} h3 {[%clk 00:00:37]} {[%emt 00:00:51]} 44. Nc4
{[%clk 00:00:43]} {[%emt 00:00:20]} Ba6 {[%clk 00:00:32]} {[%emt 00:00:35]} 45.
Nb2 {[%clk 00:00:43]} {[%emt 00:00:29]} Kb4 {[%clk 00:00:32]} {[%emt 00:00:30]}
46. Be6 {[%clk 00:00:45]} {[%emt 00:00:27]} Ka3 {[%clk 00:00:43]} {[%emt
00:00:21]} 47. Nc4+ {[%clk 00:00:32]} {[%emt 00:00:42]} Kxa4 {[%clk 00:00:56]}
{[%emt 00:00:16]} 48. Nd6 {[%clk 00:00:36]} {[%emt 00:00:27]} Bd3+ {[%clk
00:00:40]} {[%emt 00:00:47]} 49. Kd2 {[%clk 00:00:41]} {[%emt 00:00:25]} Be7
{[%clk 00:00:33]} {[%emt 00:00:37]} 50. Nxf5 {[%clk 00:00:47]} {[%emt
00:00:24]} Bb4+ {[%clk 00:00:47]} {[%emt 00:00:16]} 51. Kd1 {[%clk 00:01:04]}
{[%emt 00:00:12]} Ka3 {[%clk 00:00:41]} {[%emt 00:00:38]} 52. Nd4 {[%clk
00:00:56]} {[%emt 00:00:37]} c5 {[%clk 00:00:50]} {[%emt 00:00:22]} 53. Ne2
{[%clk 00:00:31]} {[%emt 00:00:55]} Kb2 {[%clk 00:00:51]} {[%emt 00:00:28]} 54.
Nf4 {[%clk 00:00:41]} {[%emt 00:00:20]} Bc2+ {[%clk 00:00:45]} {[%emt
00:00:36]} 55. Ke2 {[%clk 00:01:10]} {[%emt 00:00:02]} Kc1 {[%clk 00:00:54]}
{[%emt 00:00:20]} 56. Bc4 {[%clk 00:00:39]} {[%emt 00:01:01]} Bd1+ {[%clk
00:00:51]} {[%emt 00:00:33]} 57. Kf1 {[%clk 00:01:07]} {[%emt 00:00:01]} Kb2
{[%clk 00:00:39]} {[%emt 00:00:43]} 58. Be6 {[%clk 00:00:38]} {[%emt 00:00:59]}
Bf3 {[%clk 00:00:41]} {[%emt 00:00:28]} 59. Nd5 {[%clk 00:00:37]} {[%emt
00:00:31]} Bc3 {[%clk 00:00:35]} {[%emt 00:00:36]} 60. Kg1 {[%clk 00:00:36]}
{[%emt 00:00:31]} Be5 {[%clk 00:00:49]} {[%emt 00:00:15]} 61. Nb6 {[%clk
00:00:37]} {[%emt 00:00:29]} Be2 {[%clk 00:00:49]} {[%emt 00:00:30]} 62. Bc4
{[%clk 00:00:34]} {[%emt 00:00:33]} Bd3 {[%clk 00:00:55]} {[%emt 00:00:25]} 63.
Bd5 {[%clk 00:00:33]} {[%emt 00:00:30]} Bc7 {[%clk 00:01:07]} {[%emt 00:00:16]}
64. Na4+ {[%clk 00:00:51]} {[%emt 00:00:14]} Kc2 {[%clk 00:00:47]} {[%emt
00:00:51]} 65. Nxc5 {[%clk 00:01:07]} {[%emt 00:00:13]} Bb6 {[%clk 00:00:38]}
{[%emt 00:00:40]} 66. Nxe4 {[%clk 00:01:08]} {[%emt 00:00:28]} Kd1 {[%clk
00:00:49]} {[%emt 00:00:19]} 67. Nf6 {[%clk 00:00:53]} {[%emt 00:00:44]} Bf5
{[%clk 00:00:42]} {[%emt 00:00:37]} 68. Be4 {[%clk 00:00:40]} {[%emt 00:00:43]}
Bc8 {[%clk 00:00:50]} {[%emt 00:00:22]} 69. Bc6 {[%clk 00:00:42]} {[%emt
00:00:27]} Ke2 {[%clk 00:01:11]} {[%emt 00:00:10]} 70. Bb5+ {[%clk 00:00:41]}
{[%emt 00:00:30]} Kf3 {[%clk 00:00:44]} {[%emt 00:00:58]} 71. Bc6+ {[%clk
00:00:48]} {[%emt 00:00:23]} Ke2 {[%clk 00:01:08]} {[%emt 00:00:07]} 72. Bd5
{[%clk 00:00:32]} {[%emt 00:00:46]} Ba5 {[%clk 00:00:37]} {[%emt 00:01:00]} 73.
Bc4+ {[%clk 00:00:32]} {[%emt 00:00:30]} Ke1 {[%clk 00:00:53]} {[%emt
00:00:15]} 74. Bb5 {[%clk 00:00:43]} {[%emt 00:00:19]} Bb6 {[%clk 00:01:03]}
{[%emt 00:00:20]} 75. Bd7 {[%clk 00:00:50]} {[%emt 00:00:22]} Bxd7 {[%clk
00:00:53]} {[%emt 00:00:41]} 76. Nxd7 {[%clk 00:01:19]} {[%emt 00:00:01]} Ba5
{[%clk 00:01:04]} {[%emt 00:00:19]} 77. Ne5 {[%clk 00:01:23]} {[%emt 00:00:25]}
Ke2 {[%clk 00:01:23]} {[%emt 00:00:12]} 78. Nxg4 {[%clk 00:01:40]} {[%emt
00:00:14]} Be1 {[%clk 00:01:39]} {[%emt 00:00:14]} 79. f4 {[%clk 00:00:34]}
{[%emt 00:01:35]} Kf3 {[%clk 00:01:52]} {[%emt 00:00:17]} 80. Kf1 {[%clk
00:00:42]} {[%emt 00:00:22]} Bd2 {[%clk 00:01:58]} {[%emt 00:00:25]} 81. Nf2
{[%clk 00:00:37]} {[%emt 00:00:35]} Bxe3 {[%clk 00:02:10]} {[%emt 00:00:18]} 82.
Nxh3 {[%clk 00:00:58]} {[%emt 00:00:09]} Kg4 {[%clk 00:01:36]} {[%emt
00:01:05]} 83. Ng5 {[%clk 00:00:57]} {[%emt 00:00:29]} Bxf4 {[%clk 00:01:43]}
{[%emt 00:00:23]} 84. gxf4 {[%clk 00:01:16]} {[%emt 00:00:12]} Kxf4 {[%clk
00:02:10]} {[%emt 00:00:03]} 85. Ne6+ {[%clk 00:01:25]} {[%emt 00:00:20]} Kg4
{[%clk 00:02:36]} {[%emt 00:00:05]} 86. Kg2 {[%clk 00:01:49]} {[%emt 00:00:06]}
Kh4 {[%clk 00:03:00]} {[%emt 00:00:06]} 87. h3 {[%clk 00:02:03]} {[%emt
00:00:16]} Kh5 {[%clk 00:03:25]} {[%emt 00:00:04]} 88. Kg3 {[%clk 00:02:28]}
{[%emt 00:00:05]} Kh6 {[%clk 00:03:50]} {[%emt 00:00:05]} 89. Kg4 {[%clk
00:02:50]} {[%emt 00:00:09]} Kg6 {[%clk 00:04:13]} {[%emt 00:00:07]} 90. Nf4+
{[%clk 00:03:00]} {[%emt 00:00:19]} Kh6 {[%clk 00:04:40]} {[%emt 00:00:03]} 91.
Kh4 {[%clk 00:03:20]} {[%emt 00:00:11]} Kg7 {[%clk 00:04:31]} {[%emt 00:00:08]}
92. Kg5 {[%clk 00:03:41]} {[%emt 00:00:08]} Kh7 {[%clk 00:05:26]} {[%emt
00:00:06]} 93. Ne6 {[%clk 00:03:22]} {[%emt 00:00:49]} Kg8 {[%clk 00:05:50]}
{[%emt 00:00:07]} 94. Kg6 {[%clk 00:03:01]} {[%emt 00:00:49]} Kh8 {[%clk
00:06:17]} {[%emt 00:00:04]} 95. h4 {[%clk 00:02:30]} {[%emt 00:01:02]} Kg8
{[%clk 00:06:42]} {[%emt 00:00:03]} 96. Nf4 {[%clk 00:01:13]} {[%emt 00:01:47]}
Kh8 {[%clk 00:07:05]} {[%emt 00:00:08]} 97. Kh6 {[%clk 00:00:56]} {[%emt
00:00:47]} Kg8 {[%clk 00:07:30]} {[%emt 00:00:05]} 98. Ng6 {[%clk 00:01:19]}
{[%emt 00:00:07]} Kf7 {[%clk 00:07:55]} {[%emt 00:00:05]} 99. h5 {[%clk
00:01:02]} {[%emt 00:00:47]} Kg8 {[%clk 00:07:51]} {[%emt 00:00:34]} 100. Nf4
{[%clk 00:00:36]} {[%emt 00:00:55]} Kf7 {[%clk 00:07:37]} {[%emt 00:00:44]} 101.
Kg5 {[%clk 00:00:43]} {[%emt 00:00:23]} Kg7 {[%clk 00:07:57]} {[%emt 00:00:11]}
102. Ne6+ {[%clk 00:00:50]} {[%emt 00:00:22]} Kh7 {[%clk 00:07:49]} {[%emt
00:00:39]} 103. h6 {[%clk 00:00:54]} {[%emt 00:00:25]} Kh8 {[%clk 00:04:17]}
{[%emt 00:04:02]} 104. Kg6 {[%clk 00:01:17]} {[%emt 00:00:07]} Kg8 {[%clk
00:04:43]} {[%emt 00:00:04]} 105. Nd8 {[%clk 00:01:35]} {[%emt 00:00:12]} 1-0

[Event "POHÁR města Říčany 2023"]
[Site "Městské kulturní středisko U labutě"]
[Date "2023.08.29"]
[Round "5.8"]
[White "Pressler, Tobias"]
[Black "Skypala, Ondrej"]
[Result "1/2-1/2"]
[WhiteFideId "23715359"]
[BlackFideId "366285"]
[WhiteElo "1912"]
[BlackElo "2132"]
[PlyCount "0"]
[EventDate "2023.08.26"]

1. e4 {[%clk 01:30:38]} {[%emt 00:00:22]} e6 {[%clk 01:30:46]} {[%emt
00:00:06]} 2. d4 {[%clk 01:29:29]} {[%emt 00:01:48]} d5 {[%clk 01:31:10]}
{[%emt 00:00:05]} 3. Nc3 {[%clk 01:28:45]} {[%emt 00:01:15]} Nf6 {[%clk
01:31:31]} {[%emt 00:00:08]} 4. Bg5 {[%clk 01:28:23]} {[%emt 00:00:52]} Be7
{[%clk 01:31:56]} {[%emt 00:00:06]} 5. e5 {[%clk 01:28:15]} {[%emt 00:00:39]}
Nfd7 {[%clk 01:32:19]} {[%emt 00:00:06]} 6. Bxe7 {[%clk 01:27:20]} {[%emt
00:01:25]} Qxe7 {[%clk 01:32:42]} {[%emt 00:00:07]} 7. f4 {[%clk 01:27:23]}
{[%emt 00:00:28]} a6 {[%clk 01:32:54]} {[%emt 00:00:18]} 8. Nf3 {[%clk
01:26:59]} {[%emt 00:00:54]} c5 {[%clk 01:33:17]} {[%emt 00:00:06]} 9. Qd2
{[%clk 01:25:42]} {[%emt 00:01:47]} Nc6 {[%clk 01:33:40]} {[%emt 00:00:07]} 10.
dxc5 {[%clk 01:25:30]} {[%emt 00:00:43]} Nxc5 {[%clk 01:33:58]} {[%emt
00:00:12]} 11. a3 {[%clk 01:25:14]} {[%emt 00:00:47]} b5 {[%clk 01:22:15]}
{[%emt 00:12:13]} 12. b4 {[%clk 01:19:39]} {[%emt 00:06:04]} Ne4 {[%clk
01:19:57]} {[%emt 00:02:47]} 13. Nxe4 {[%clk 01:19:58]} {[%emt 00:00:12]} dxe4
{[%clk 01:20:19]} {[%emt 00:00:07]} 14. Ng5 {[%clk 01:18:52]} {[%emt 00:01:37]}
f5 {[%clk 01:18:52]} {[%emt 00:01:56]} 15. exf6 {[%clk 00:58:20]} {[%emt
00:21:04]} Qxf6 {[%clk 01:18:13]} {[%emt 00:01:06]} 16. Rd1 {[%clk 00:58:22]}
{[%emt 00:00:28]} O-O {[%clk 01:18:16]} {[%emt 00:00:25]} 17. g3 {[%clk
00:57:36]} {[%emt 00:01:18]} e5 {[%clk 01:05:34]} {[%emt 00:13:13]} 18. Qd5+
{[%clk 00:47:48]} {[%emt 00:10:17]} Kh8 {[%clk 01:05:55]} {[%emt 00:00:08]} 19.
Nxe4 {[%clk 00:45:33]} {[%emt 00:02:45]} Qg6 {[%clk 01:04:11]} {[%emt
00:02:14]} 20. Nd6 {[%clk 00:41:32]} {[%emt 00:04:32]} Bg4 {[%clk 00:56:51]}
{[%emt 00:07:49]} 21. Bd3 {[%clk 00:39:43]} {[%emt 00:02:19]} Qh5 {[%clk
00:54:36]} {[%emt 00:02:45]} 22. Rd2 {[%clk 00:29:41]} {[%emt 00:10:33]} Nd4
{[%clk 00:54:30]} {[%emt 00:00:35]} 23. Be4 {[%clk 00:28:52]} {[%emt 00:01:21]}
Nf3+ {[%clk 00:52:52]} {[%emt 00:02:07]} 24. Bxf3 {[%clk 00:29:13]} {[%emt
00:00:09]} Bxf3 {[%clk 00:53:14]} {[%emt 00:00:07]} 25. Nf7+ {[%clk 00:29:36]}
{[%emt 00:00:09]} Kg8 {[%clk 00:52:06]} {[%emt 00:01:37]} 26. Nh6+ {[%clk
00:30:02]} {[%emt 00:00:05]} Kh8 {[%clk 00:52:28]} {[%emt 00:00:08]} 27. Nf7+
{[%clk 00:30:28]} {[%emt 00:00:04]} Qxf7 {[%clk 00:52:34]} {[%emt 00:00:23]} 28.
Qxf3 {[%clk 00:30:53]} {[%emt 00:00:05]} Qc4 {[%clk 00:52:17]} {[%emt
00:00:47]} 29. Qd3 {[%clk 00:24:23]} {[%emt 00:07:00]} Qc7 {[%clk 00:47:44]}
{[%emt 00:05:03]} 1/2-1/2

[Event "POHÁR města Říčany 2023"]
[Site "Městské kulturní středisko U labutě"]
[Date "2023.08.29"]
[Round "5.9"]
[White "Skokan, Frantisek"]
[Black "Stanek, Ondrej"]
[Result "1/2-1/2"]
[WhiteFideId "327492"]
[BlackFideId "364240"]
[WhiteElo "1881"]
[BlackElo "2065"]
[PlyCount "0"]
[EventDate "2023.08.26"]

1. d4 {[%clk 01:30:56]} {[%emt 00:00:03]} Nf6 {[%clk 01:30:39]} {[%emt
00:00:22]} 2. Bf4 {[%clk 01:31:18]} {[%emt 00:00:08]} b6 {[%clk 01:29:44]}
{[%emt 00:01:26]} 3. e3 {[%clk 01:31:30]} {[%emt 00:00:17]} Bb7 {[%clk
01:30:07]} {[%emt 00:00:07]} 4. Nd2 {[%clk 01:30:59]} {[%emt 00:01:01]} d6
{[%clk 01:27:43]} {[%emt 00:02:54]} 5. h3 {[%clk 01:30:59]} {[%emt 00:00:30]}
Nbd7 {[%clk 01:27:57]} {[%emt 00:00:17]} 6. Ngf3 {[%clk 01:31:19]} {[%emt
00:00:09]} g6 {[%clk 01:28:10]} {[%emt 00:00:18]} 7. c3 {[%clk 01:30:12]}
{[%emt 00:01:37]} Bg7 {[%clk 01:28:27]} {[%emt 00:00:13]} 8. Be2 {[%clk
01:28:49]} {[%emt 00:01:52]} O-O {[%clk 01:27:10]} {[%emt 00:01:47]} 9. O-O
{[%clk 01:28:55]} {[%emt 00:00:24]} Re8 {[%clk 01:27:24]} {[%emt 00:00:16]} 10.
Qc2 {[%clk 01:26:09]} {[%emt 00:03:16]} c5 {[%clk 01:24:17]} {[%emt 00:03:38]}
11. Rfe1 {[%clk 01:25:45]} {[%emt 00:00:54]} e5 {[%clk 01:19:57]} {[%emt
00:04:50]} 12. Bg3 {[%clk 01:17:06]} {[%emt 00:09:09]} e4 {[%clk 01:13:59]}
{[%emt 00:06:29]} 13. Nh2 {[%clk 01:13:59]} {[%emt 00:03:36]} d5 {[%clk
01:13:07]} {[%emt 00:01:23]} 14. f3 {[%clk 01:13:04]} {[%emt 00:01:25]} Qe7
{[%clk 00:40:58]} {[%emt 00:32:39]} 15. fxe4 {[%clk 01:09:51]} {[%emt
00:03:43]} Nxe4 {[%clk 00:41:16]} {[%emt 00:00:13]} 16. Nxe4 {[%clk 01:09:59]}
{[%emt 00:00:21]} dxe4 {[%clk 00:41:29]} {[%emt 00:00:16]} 17. Bb5 {[%clk
01:07:05]} {[%emt 00:03:24]} cxd4 {[%clk 00:38:01]} {[%emt 00:03:58]} 18. exd4
{[%clk 01:03:51]} {[%emt 00:03:45]} f5 {[%clk 00:34:40]} {[%emt 00:03:52]} 19.
Bf4 {[%clk 01:00:05]} {[%emt 00:04:16]} Red8 {[%clk 00:23:37]} {[%emt
00:11:33]} 20. Nf3 {[%clk 00:55:34]} {[%emt 00:05:00]} Nf6 {[%clk 00:23:08]}
{[%emt 00:01:00]} 21. Ne5 {[%clk 00:51:07]} {[%emt 00:04:57]} Nd5 {[%clk
00:22:38]} {[%emt 00:01:01]} 22. Bh2 {[%clk 00:47:51]} {[%emt 00:03:45]} Rac8
{[%clk 00:21:00]} {[%emt 00:02:09]} 23. Qa4 {[%clk 00:42:28]} {[%emt 00:05:52]}
a6 {[%clk 00:17:21]} {[%emt 00:04:09]} 24. Bc4 {[%clk 00:38:07]} {[%emt
00:04:51]} g5 {[%clk 00:15:59]} {[%emt 00:01:53]} 25. Qd1 {[%clk 00:25:28]}
{[%emt 00:13:09]} Bxe5 {[%clk 00:06:35]} {[%emt 00:09:54]} 26. Bxd5+ {[%clk
00:25:16]} {[%emt 00:00:42]} Bxd5 {[%clk 00:07:04]} {[%emt 00:00:02]} 27. Bxe5
{[%clk 00:25:35]} {[%emt 00:00:10]} Qf7 {[%clk 00:06:08]} {[%emt 00:01:27]} 28.
Kh2 {[%clk 00:18:04]} {[%emt 00:08:00]} Rc6 {[%clk 00:05:46]} {[%emt 00:00:53]}
29. b3 {[%clk 00:16:07]} {[%emt 00:02:27]} Rxc3 {[%clk 00:02:44]} {[%emt
00:03:32]} 30. Qd2 {[%clk 00:16:21]} {[%emt 00:00:16]} Rdc8 {[%clk 00:02:53]}
{[%emt 00:00:21]} 31. Rac1 {[%clk 00:15:19]} {[%emt 00:01:31]} Rxc1 {[%clk
00:02:04]} {[%emt 00:01:20]} 32. Rxc1 {[%clk 00:15:42]} {[%emt 00:00:06]} Rxc1
{[%clk 00:02:10]} {[%emt 00:00:23]} 33. Qxg5+ {[%clk 00:14:51]} {[%emt
00:01:21]} Qg6 {[%clk 00:01:42]} {[%emt 00:00:59]} 34. Qd8+ {[%clk 00:14:57]}
{[%emt 00:00:24]} Kf7 {[%clk 00:02:06]} {[%emt 00:00:07]} 35. Qd7+ {[%clk
00:10:21]} {[%emt 00:05:06]} Kf8 {[%clk 00:02:25]} {[%emt 00:00:11]} 36. Qd8+
Qe8 {[%clk 00:02:25]} 37. Qf6+ 1/2-1/2

[Event "POHÁR města Říčany 2023"]
[Site "Městské kulturní středisko U labutě"]
[Date "2023.08.29"]
[Round "5.10"]
[White "Svadlenka, Dominik"]
[Black "Rut, Vojtech"]
[Result "1-0"]
[WhiteFideId "23716258"]
[BlackFideId "333190"]
[WhiteElo "1515"]
[BlackElo "2061"]
[PlyCount "0"]
[EventDate "2023.08.26"]

1. d4 {[%clk 01:30:57]} {[%emt 00:00:02]} f5 {[%clk 01:19:21]} {[%emt
00:11:40]} 2. c4 {[%clk 01:31:22]} {[%emt 00:00:04]} Nf6 {[%clk 01:19:40]}
{[%emt 00:00:11]} 3. Nc3 {[%clk 01:31:47]} {[%emt 00:00:05]} e6 {[%clk
01:20:03]} {[%emt 00:00:08]} 4. e3 {[%clk 01:32:09]} {[%emt 00:00:09]} Bb4
{[%clk 01:17:56]} {[%emt 00:02:37]} 5. Bd3 {[%clk 01:32:30]} {[%emt 00:00:08]}
Bxc3+ {[%clk 01:17:24]} {[%emt 00:01:02]} 6. bxc3 {[%clk 01:32:53]} {[%emt
00:00:08]} b6 {[%clk 01:17:41]} {[%emt 00:00:13]} 7. Ne2 {[%clk 01:32:59]}
{[%emt 00:00:23]} Bb7 {[%clk 01:17:56]} {[%emt 00:00:15]} 8. f3 {[%clk
01:33:12]} {[%emt 00:00:18]} O-O {[%clk 01:16:24]} {[%emt 00:02:02]} 9. O-O
{[%clk 01:33:21]} {[%emt 00:00:21]} c5 {[%clk 01:15:40]} {[%emt 00:01:14]} 10.
Qc2 {[%clk 01:32:35]} {[%emt 00:01:16]} Nc6 {[%clk 01:14:04]} {[%emt 00:02:06]}
11. e4 {[%clk 01:21:14]} {[%emt 00:11:51]} fxe4 {[%clk 01:13:37]} {[%emt
00:00:57]} 12. Bxe4 {[%clk 01:10:06]} {[%emt 00:11:38]} Nxe4 {[%clk 01:12:38]}
{[%emt 00:01:30]} 13. Qxe4 {[%clk 01:00:02]} {[%emt 00:10:34]} Na5 {[%clk
01:11:56]} {[%emt 00:01:12]} 14. Qd3 {[%clk 00:59:22]} {[%emt 00:01:09]} Ba6
{[%clk 01:11:27]} {[%emt 00:00:59]} 15. dxc5 {[%clk 00:53:53]} {[%emt
00:05:59]} bxc5 {[%clk 01:07:21]} {[%emt 00:04:35]} 16. Rd1 {[%clk 00:51:42]}
{[%emt 00:02:41]} Bxc4 {[%clk 01:06:36]} {[%emt 00:01:15]} 17. Qe3 {[%clk
00:51:36]} {[%emt 00:00:36]} Qh4 {[%clk 01:03:51]} {[%emt 00:03:16]} 18. Ng3
{[%clk 00:50:49]} {[%emt 00:01:16]} Bd5 {[%clk 00:57:53]} {[%emt 00:06:28]} 19.
Qxc5 {[%clk 00:46:53]} {[%emt 00:04:26]} Nc4 {[%clk 00:57:48]} {[%emt
00:00:34]} 20. Rxd5 {[%clk 00:47:01]} {[%emt 00:00:23]} exd5 {[%clk 00:57:21]}
{[%emt 00:00:58]} 21. Qxd5+ {[%clk 00:47:25]} {[%emt 00:00:06]} Kh8 {[%clk
00:57:39]} {[%emt 00:00:11]} 22. Bg5 {[%clk 00:44:41]} {[%emt 00:03:13]} Nb6
{[%clk 00:55:55]} {[%emt 00:02:14]} 23. Qxa8 {[%clk 00:45:08]} {[%emt
00:00:04]} Qxg5 {[%clk 00:55:38]} {[%emt 00:00:46]} 24. Qxf8# {[%clk 00:45:30]}
{[%emt 00:00:07]} 1-0